| 000 | 00445nam a22001577a 4500 | ||
|---|---|---|---|
| 008 | 231125b |||||||| |||| 00| 0 eng d | ||
| 020 | _a9780070074170 | ||
| 082 | _a658.15 BRE | ||
| 100 | _aBrealey, Richard A. | ||
| 245 | _aPrinciples of Corporate Finance | ||
| 250 | _a5th ed. | ||
| 260 |
_aUnited States of America : _bMcGraw-Hill, _c1996. |
||
| 300 |
_axxv. 998 p: _billus, _c23.8 Cm. |
||
| 700 |
_aMyers, Stewart C. _eAuthor |
||
| 942 | _2ddc | ||
| 999 |
_c9741 _d9742 |
||